“茶馆/茶楼/茶室”地点数量≥1000的地级行政区 Prefectures with ≥1000 teahouse sites - Statistics

General Stats
  • This quiz has been taken 78 times
  • The average score is 16 of 24
Answer Stats
地级行政区 数量 % Correct
深圳 2260
94%
广州 1845
94%
上海 1591
94%
北京 1807
90%
成都 12131
87%
杭州 1225
87%
重庆 8184
86%
苏州 1134
81%
佛山 1009
80%
西安 2307
70%
长沙 2100
69%
昆明 1669
66%
厦门 1542
66%
福州 1478
63%
青岛 1544
61%
郑州 1111
60%
济南 1004
57%
绵阳 2160
54%
泉州 1310
54%
宜宾 1227
47%
德阳 1457
44%
乐山 1167
43%
南充 1423
40%
眉山 1230
36%
No matching quizzes found
Score Distribution
Percent of People with Each Score
Percentile by Number Answered
Your Score History
You have not taken this quiz